| 000 | 01567nam a2200301 4500 | ||
|---|---|---|---|
| 003 | EC-UNACH | ||
| 005 | 20251028114557.0 | ||
| 006 | s||||gr|||| 00| 00 | ||
| 008 | 150116t9999 mx r gr 000 0 spa d | ||
| 020 | _a978- 9978-67-137-5 | ||
| 040 |
_aEC-UNACH _cEC-UNACH |
||
| 041 | _aspa | ||
| 082 | 0 | 4 |
_223 _a302.2 _bL017903 |
| 110 | _aCrearimagen | ||
| 245 | _aEnsayos sobre seguridad ciudadana | ||
| 250 | _aPrimera edición | ||
| 264 |
_aEcuador _bCrearimagen _c2008 |
||
| 300 | _a335 | ||
| 505 | _a1- Crimen , violencia e incertidumbre política en Brasil . 2- Seguridad política 3- Haciendo y midiendo el progreso en seguridad publica 4- Políticas municipales de seguridad ciudadana problemas y soluciones 5- Los municipios y la seguridad publica 6- El foro metropolitano de seguridad publica y la aplicación del debate sobre la violencia en sao paulo 7- Seguridad , justicia y derechos humanos en Brasil 8- Los derechos humanos en el gobierno de lula 9- Policía, fuerzas armadas y democracia en Brasil 10- Investigación y practica policial en Brasil 11- La policía comunitaria en sao paulo problemas de implementación y consolidación 12- Desafíos de la reforma policial en América latina 13- Reforma del sistema de seguridad pública. | ||
| 650 | _aCrecimiento de la violencia | ||
| 650 | _aSeguridad ciudadana | ||
| 650 | _aPolítica de seguridad publica | ||
| 700 | _aPaulo de Mesquita Neto | ||
| 942 |
_2ddc _c1 |
||
| 999 | _c14102 | ||